La primera entrevista con el psicoanalista
Gorde:
| Egile nagusia: | |
|---|---|
| Formatua: | Liburua |
| Hizkuntza: | gaztelania |
| Argitaratua: |
Barcelona
Gedisa
1982
|
| Edizioa: | 3a. ed |
| Saila: | Psicoteca Mayor
|
| Gaiak: | |
| Etiketak: |
Etiketa erantsi
Etiketarik gabe, Izan zaitez lehena erregistro honi etiketa jartzen!
|
MARC
| LEADER | 00000cam a2200000 a 4500 | ||
|---|---|---|---|
| 001 | UCY5788 | ||
| 003 | CL-VaPUC | ||
| 008 | 950512e19820800SP |||||||||||||||||spa|d | ||
| 020 | |a 8474320577 | ||
| 082 | 0 | 4 | |a 150.195 |b MAN |2 21 |
| 100 | |a Mannoni, Maud |e autora |9 560631 | ||
| 245 | 1 | 3 | |a La primera entrevista con el psicoanalista |
| 250 | |a 3a. ed | ||
| 300 | |a 143 p | ||
| 942 | |c BK | ||
| 945 | |d 19950512 00:00:00 |a cmena | ||
| 260 | |a Barcelona |b Gedisa |c 1982 | ||
| 650 | 0 | |a Psicología clínica |9 307259 | |
| 650 | 0 | |a Psicoanálisis |9 265702 | |
| 650 | 7 | |a PSICOSIS |2 CL-VaPUC |9 315438 | |
| 650 | 0 | |a Trastornos del comportamiento |9 311363 | |
| 650 | 0 | |a Trastornos de la personalidad |9 307698 | |
| 650 | 0 | |a Relaciones interpersonales |9 307056 | |
| 650 | 7 | |a RELACIONES PADRES-HIJOS |2 CL-VaPUC |9 308185 | |
| 650 | 0 | |a Comportamiento social |9 334200 | |
| 650 | 0 | |a Niños |9 255605 | |
| 583 | |a last modification |c 20140121 06:47:14 |k Rodrigo Vera | ||
| 490 | 0 | |a Psicoteca Mayor | |
| 999 | |c 233401 |d 233399 | ||
| 952 | |0 0 |1 0 |4 0 |6 150_195000000000000_MAN_1982 |7 0 |8 A |9 238911 |a BIBEDU |b BIBEDU |d 2019-11-18 |i 490107K |l 1 |o 150.195 MAN 1982 |p 490107K |r 2020-03-16 |s 2020-03-09 |w 2019-11-18 |y BK |k PSI | ||
| 952 | |0 0 |1 0 |4 0 |6 150_195000000000000_MAN_1982 |7 0 |8 A |9 238912 |a BIBEDU |b BIBEDU |d 2019-11-18 |i 4901088 |o 150.195 MAN 1982 |p 4901088 |r 2019-11-18 |w 2019-11-18 |y BK |k PSI | ||